000 00913nam0a22002531 4500
001 rc\48085
005 20260405172422.0
010 _a5-88196-030-0
_bИзд-во ТКО "АСТ"
_95000
035 _a(NLR Aleph) 005327879
090 _a6559203
_c6559203
100 _a20021216d1992 |||y0rusy50 ca
101 0 _arus
102 _aRU
105 _ay |||||||||
200 1 _aЧерный пробел
_eРоман в 6 ч.
_fАндрей Добрынин
210 _a[Балашиха]
_cИзд-во ТКО "АСТ"
_aМ.
_cИзд-во Моск. с.-х. акад.
_d[1992?]
215 _a118 с.
_d20
700 1 _7ca
_8rus
_aДобрынин
_bА. В.
_cписатель, канд. экон. наук
_f1957-2023
_gАндрей Владимирович
_956851
_3RU\NLR\AUTH\7773923
801 0 _aRU
_bNLR
_gpsbo
801 1 _aRU
_bELAR
_2rusmarc
852 _aNLR
_j92-3/6932
942 _cBOOK
980 _aNB